000 00729cab a2200241 4500
001 X3433
008 090401t1996 xxu||||| |||| 00| 0 eng d
035 _a(Sirsi) u30478
041 _aeng
100 _aEdgington, D.
245 _aCanada`s research parks are put under the microscope
260 _c1996
350 _a0
490 _aCSM (Chartered Surveyor Monthly)
_v5(7) April 1996, 44(1)
520 _aReviews an RICS research paper which reports on a study of Canadian research parks undertaken in 1992.
650 _aCANADA
650 _aEDMONTON RESEARCH PARK
650 _aRESEARCH PARKS
690 _aPROPERTY-COMMERCIAL PROPERTY
690 _aOVERSEAS-NORTH AMERICA
942 _n0
948 _c04/03/1997
999 _c20549
_d20549